[Event "18th Cvijet Mediterana 2018"]
[Site "Rijeka"]
[Date "2018.03.03"]
[Round "9.3"]
[White "Medic, Mirjana"]
[Black "Cvitan, Ena"]
[Result "1/2-1/2"]
[WhiteElo "2131"]
[BlackElo "2222"]
[Annotator "TA"]
[PlyCount "32"]
[EventDate "2018.??.??"]
[EventCountry "CRO"]
[SourceTitle "playchess.com"]
[Source "ChessBase"]
[SourceQuality "1"]

{[%evp 15,16,19,15]} 1. d4 d5 2. c4 e6 3. Nc3 Nf6 4. cxd5 exd5 5. Bg5 Be7 6. Qc2 c6 7. Nf3 O-O 8. e3 h6 {Find the theoretical novelty and annotate with similar games:} 9. Bf4 $146 Bd6 10. Bxd6 Qxd6 11. Bd3 Be6 12. O-O Nbd7 13. Rfc1 Rfe8 14. a3 a5 15. Rab1 Bg4 16. Nd2 Be6 {1-0 (58) Bruzon Batista,L (2650)-Garcia Pantoja,R (2500) Medellin 2017} 1/2-1/2

[Event "18th Cvijet Mediterana 2018"]
[Site "Rijeka"]
[Date "2018.03.03"]
[Round "9.4"]
[White "Tsatsalashvili, Keti"]
[Black "Velickovski-Nejkovic, Maja"]
[Result "1-0"]
[WhiteElo "2307"]
[BlackElo "2186"]
[Annotator "NA"]
[PlyCount "101"]
[EventDate "2018.??.??"]
[EventCountry "CRO"]
[SourceTitle "playchess.com"]
[Source "ChessBase"]
[SourceQuality "1"]
[TimeControl "5400+30"]

{[%evp 8,90,54,38,34,14,28,27,15,27,27,28,37,31,33,26,27,33,32,33,32,27,38,33,46,28,42,30,36,2,15,0,12,0,56,26,200,217,300,254,270,264,284,291,252,266,292,264,32767,261,251,247,274,281,258,329,378,389,375,32767,354,374,450,405,387,372,470,567,585,525,32767,32767,32767,32767,32767,32767,32767,32767,32767,32767,32767,32767,32767,32767,1075]} 1. d4 {[%emt 0:00:30]} d6 {[%emt 0:01:00]} 2. Nf3 {[%emt 0:00:00]} Bg4 {[%emt 0:00:00]} 3. Nbd2 {[%emt 0:01:00]} Nf6 {[%emt 0:01:00]} 4. h3 {[%emt 0:00:00]} Bh5 {[%emt 0:00:30] LiveBook: 50 Games} 5. c4 {[%emt 0:02:00] A46: 1 d4 Nf6 2 Nf3 e6: Torre, London and Colle Systems} (5. e4 Nbd7 6. Be2 e5 7. O-O Be7 8. dxe5 dxe5 9. Nh4 Bg6 10. Nxg6 hxg6 11. Bc4 c6 12. a4 a5 13. Qf3 {0-1 (39) Bernadskiy,V (2525)-Bortnyk,O (2539) Lutsk 2015}) 5... c6 {[%emt 0:00:30]} 6. Qb3 {[%emt 0:00:30]} Qc7 {[%emt 0:02:30]} 7. e3 {[%emt 0:03:30]} Nbd7 {[%emt 0:01:30]} 8. Bd3 $146 {[%emt 0:02:30]} ({Predecessor:} 8. Be2 e5 9. g4 Bg6 10. Nh4 Be7 11. f4 Be4 12. Nxe4 Nxe4 {0-1 (22) Hruby,V (1892)-Benes,P (2206) Liberec 2005}) 8... e5 {[%emt 0:09:30]} 9. Qc2 {[%emt 0:00:00]} Bg6 {[%emt 0:00:30]} 10. Bxg6 {[%emt 0:03:00]} hxg6 {[%emt 0:00:30]} 11. O-O {[%emt 0:00:30]} Be7 {[%emt 0:02:30]} 12. b3 {[%emt 0:01:30]} O-O {[%emt 0:04:30]} 13. Bb2 {[%emt 0:00:00]} Rfe8 {[%emt 0:03:30]} 14. a3 {[%emt 0:06:00]} Bf8 {[%emt 0:03:30]} 15. Rac1 {[%emt 0:04:30]} exd4 {[%emt 0:00:30]} 16. Nxd4 {[%emt 0:02:30]} d5 {[%emt 0:00:30]} 17. b4 {[%emt 0:02:30]} Rac8 {[%emt 0:01:30]} 18. N4f3 {[%emt 0:06:30]} a5 {[%emt 0:03:30]} 19. cxd5 {[%emt 0:06:30]} Nxd5 {[%emt 0:01:30]} 20. b5 {[%emt 0:01:30]} c5 {[%emt 0:05:30]} (20... Nc5 $11) 21. Rfd1 {[%emt 0:04:30]} N7f6 $2 {[%emt 0:03:30]} (21... N7b6 $11) 22. Nc4 {[%emt 0:00:30]} Re6 {[%emt 0:10:30] [#]} 23. e4 $1 {[%emt 0:05:30]} Nf4 {[%emt 0:04:30]} 24. Be5 {[%emt 0:02:30]} Rxe5 {[%emt 0:00:00]} 25. Nfxe5 {[%emt 0:01:30]} Re8 {[%emt 0:00:00]} 26. b6 {[%emt 0:02:30]} Qc8 {[%emt 0:01:30]} 27. Re1 {[%emt 0:01:30]} g5 {[%emt 0:00:30]} 28. Qb3 {[%emt 0:01:30]} Re6 {[%emt 0:03:30]} 29. Rcd1 {[%emt 0:01:30]} Qe8 {[%emt 0:00:30]} 30. Qc3 {[%emt 0:02:30]} a4 {[%emt 0:00:30]} 31. Kh2 {[%emt 0:00:30]} Qc8 {[%emt 0:03:30]} 32. Qg3 {[%emt 0:02:30] [%clk 0:21]} Nh7 {[%emt 0:13:40]} 33. Rd2 {[%emt 0:13:30]} Qe8 {[%emt 0:00:30]} 34. Qc3 {[%emt 0:00:30]} Rh6 {[%emt 0:00:30]} 35. Ng4 {[%emt 0:01:40]} Re6 {[%emt 0:00:20]} 36. e5 {[%emt 0:03:50]} f5 {[%emt 0:00:37]} 37. Nge3 {[%emt 0:00:45]} Qc6 {[%emt 0:03:52]} 38. f3 {[%emt 0:01:16]} ({Not} 38. g3 Qf3 $18) 38... g4 {[%emt 0:02:54]} 39. fxg4 {[%emt 0:02:15]} fxg4 {[%emt 0:00:17]} 40. Nxg4 {[%emt 0:00:21]} Ng5 {[%emt 0:00:10]} 41. Qe3 {[%emt 0:05:47]} Nxg2 {[%emt 0:00:41]} 42. Rxg2 {[%emt 0:00:33]} Nf3+ {[%emt 0:00:07]} 43. Kh1 {[%emt 0:00:41]} Nxe1 {[%emt 0:00:07]} 44. Qxe1 {[%emt 0:00:12]} Qf3 {[%emt 0:03:56]} 45. Kg1 {[%emt 0:02:17]} Qxh3 $18 {[%emt 0:04:44]} 46. Nf6+ {[%emt 0:04:51]} Kf7 {[%emt 0:00:16]} 47. Ne4 {[%emt 0:00:12]} Be7 {[%emt 0:00:58]} 48. Qf1+ {[%emt 0:00:23]} Ke8 {[%emt 0:00:28]} 49. Rxg7 {[%emt 0:01:45]} Qh5 {[%emt 0:01:38]} 50. Ncd6+ {[%emt 0:01:03]} Kd7 {[%emt 0:05:02]} 51. Qb5+ {[%emt 0:00:26]} 1-0

[Event "18th Cvijet Mediterana 2018"]
[Site "Rijeka"]
[Date "2018.03.03"]
[Round "9.5"]
[White "Tomilova, Elena"]
[Black "Kejzar, Petra"]
[Result "1/2-1/2"]
[WhiteElo "2331"]
[BlackElo "2039"]
[Annotator "TA"]
[PlyCount "32"]
[EventDate "2018.??.??"]
[EventCountry "CRO"]
[SourceTitle "playchess.com"]
[Source "ChessBase"]
[SourceQuality "1"]

{[%evp 14,15,11,0]} 1. d4 Nf6 2. Nf3 g6 3. Bf4 Bg7 4. e3 d6 5. h3 O-O 6. Nbd2 c5 7. c3 b6 8. Bd3 {LiveBook: 7 Games. A48: 1 d4 Nf6 2 Nf3 g6: Torre, London and Colle Systems} {Find the theoretical novelty and annotate with similar games:} Bb7 $146 9. Qe2 a6 10. O-O Nc6 11. Bh2 Re8 12. Rfd1 b5 13. dxc5 dxc5 14. c4 b4 15. Nb3 Qb6 16. a4 a5 {½-½ (50) Fontaine,R (2563)-Maze,S (2620) chess.com INT 2018} 1/2-1/2